|
|
|
|
| LEADER |
000000sb a2200000 a 4500 |
| 005 |
20230308203752.0 |
| 008 |
002071| ||||||||r|||||||||||spa|| |
| 022 |
|
|
|a 1137-6635
|
| 040 |
|
|
|b spa
|
| 041 |
0 |
|
|a Es
|
| 082 |
0 |
|
|a 617.605
|b 29826-6
|
| 100 |
1 |
|
|a Cortellini, PierpaoloPini Prato, GiovanpaoloTonetti, Maurizio S.
|9 278756
|
| 245 |
|
|
|a Colgajo de conservación papilar simplificado. Nuevo enfoque quirúrgico para tratar tejidos blandos en procedimientos regeneradores
|c Pierpaolo Cortellini, Giovanpaolo Pini Prato, Maurizio S. Tonetti
|h imp
|
| 264 |
|
|
|a Barcelona
|b Quintessence, S. L.
|c 1999
|
| 300 |
|
|
|a páginas: 589-600
|
| 300 |
|
|
|b ilus.
|
| 310 |
|
|
|a bimestral
|
| 362 |
|
|
|a 3; 6
|
| 520 |
3 |
|
|a Presentamos aquí una técnica quirúrgica, específicamente ideada para acceder a los espacios interdentales en el tratamiento regenerador de los defectos intraóseos profundos.
|
| 650 |
1 |
|
|a Conservacion papilar tejidos blandos
|9 278757
|
| 650 |
1 |
|
|a Procedimientos regeneradores
|9 278758
|
| 650 |
1 |
|
|a Defectos intraoseos
|9 278475
|
| 710 |
|
|
|a International Quintessence Publishing Group
|9 91976
|
| 773 |
0 |
|
|0 29826
|9 29826
|a Cortellini, PierpaoloPini Prato, GiovanpaoloTonetti, Maurizio S. International Quintessence Publishing Group
|d Barcelona Quintessence, S. L. 1999
|o 29826
|w 29826
|x 1137-6635
|t Revista Internacional de Odontología restauradora y Periodoncia
|6 29826
|
| 852 |
|
|
|a UC-SALUD
|c HEMEROTECA
|f Compra
|k luis.contrerase
|l 1
|m General
|p 20020718
|q $ 110
|b 0
|d CDRS
|e CDRS
|g 617.605 29826-6 HEMEROTECA
|z 2002-20-71
|
| 942 |
|
|
|c SERA
|
| 999 |
|
|
|c 106932
|d 106932
|